Statistics for Guess the musician(hiphop/rnb)

Click here to take the quiz!

General Stats

  • This quiz has been taken 135 times
  • The average score is 9 of 16

Answer Stats

Answer% Correct
DJ Khaled
96%
Rihanna
93%
Nicki Minaj
92%
Cardi B
84%
Lil pump
80%
Chance
70%
Beyonce
66%
Jaden
66%
John Legend
64%
Kodak Black
59%
Young thug
51%
Willow
43%
sza
28%
Ella Mai
16%
Grimes
10%
Daniel Caesar
6%

Score Distribution

Percentile by Number Answered

Percent of People with Each Score

Your Score History

You have not taken this quiz